Political Consent in Eastern EU Countries: a Macroeconomic Perspective
Analýza vzťahu medzi dôverou v národné politické inštitúcie a makroekonomickým výkonom v dlhodobom horizonte vo východných krajinách EÚ.
Salvato in:
| Autore principale: | |
|---|---|
| Altri autori: | |
| Natura: | Capitolo di libro |
| Lingua: | inglese |
| Soggetti: | |
| Tags: |
Nessun Tag, puoi essere il primo ad aggiungerne!!
|
MARC
| LEADER | 00000naa a2200000 4500 | ||
|---|---|---|---|
| 001 | 0247091 | ||
| 005 | 20180827113843.4 | ||
| 041 | 0 | |a eng | |
| 044 | |a SK | ||
| 245 | 1 | 0 | |a Political Consent in Eastern EU Countries: a Macroeconomic Perspective |c Giorgio Liotti, Rosaria Rita Canale |
| 520 | |a Analýza vzťahu medzi dôverou v národné politické inštitúcie a makroekonomickým výkonom v dlhodobom horizonte vo východných krajinách EÚ. | ||
| 610 | 2 | 0 | |a východná Európa |
| 610 | 2 | 0 | |a vzťahy politické medzinárodné |
| 610 | 2 | 0 | |a prognózy hospodárske |
| 610 | 2 | 0 | |a ukazovatele makroekonomické |
| 100 | 1 | |a Liotti, Giorgio | |
| 700 | 1 | |a Canale, Rosaria Rita | |